Statistics for Sports - 15 second sprint

Click here to take the quiz!

General Stats

  • This quiz has been taken 22 times
  • The average score is 4 of 18

Answer Stats

Answer% Correct
Soccer
89%
Baseball
50%
Tennis
50%
Basketball
44%
Hockey
33%
Ice hockey
33%
Cricket
17%
Rugby
17%
Volleyball
17%
Golf
11%
Boxing
6%
Swim
6%
Wrestling
6%
Batminton
0%
Ice skating
0%
Kickball
0%
Skating
0%
Table tennis
0%

Score Distribution

Percentile by Number Answered

Percent of People with Each Score

Your Score History

You have not taken this quiz